000 00331 a2200157 4500
001 74507
020 _a851601313-8
040 _cAnchieta - Colégio São Paulo
100 _aMatui, Jiron
240 1 0 _aConstrutivismo
_lpor
245 1 0 _aConstrutivismo
300 _a247
362 0 _a1995
650 4 _aEducação
942 _cBK
999 _c74507
_d74507